[Event "Dublin-ch Final Weekender 100th"]
[Site "Dublin"]
[Date "2021.08.22"]
[Round "5"]
[White "Rrasa, Elvan"]
[Black "Wang, Eric4"]
[Result "1-0"]
[WhiteElo "1665"]
[BlackElo "1473"]
[PlyCount "85"]
[EventDate "2021.08.20"]
[EventType "swiss"]
[EventRounds "5"]
[EventCountry "IRL"]
[SourceTitle "CBM 204 Extra"]
[Source "ChessBase"]
[SourceDate "2021.11.30"]
[SourceVersion "1"]
[SourceVersionDate "2021.11.30"]
[SourceQuality "1"]

1. d4 e6 2. Nf3 d5 3. Bf4 Nf6 4. e3 Bd7 5. Bd3 a6 6. c3 Bd6 7. Ne5 Nc6 8. 0-0 Qe7 9. Nd2 h6 10. Re1 Bxe5 11. dxe5 Nh7 12. e4 Nf8 13. Nf3 Ng6 14. Bg3 h5 15. exd5 exd5 16. Bxg6 fxg6 17. Qd3 0-0-0 18. Bh4 Qe6 19. Bxd8 Rxd8 20. Rad1 Ne7 21. Nd4 Qb6 22. b4 Nf5 23. e6 Bb5 24. Nxb5 axb5 25. e7 Nxe7 26. Rxe7 Qf6 27. Qe3 Rd6 28. Re1 b6 29. Qh3+ Kb7 30. Re8 Kc6 31. R8e6 Qf7 32. Rxd6+ Kxd6 33. Qc8 Qf6 34. Re3 h4 35. Rf3 Qe5 36. Qf8+ Kc6 37. Re3 Qg5 38. Qe7 Qh5 39. f3 Kb7 40. Qe5 Qh8 41. Qxd5+ Ka7 42. c4 Qf8 43. Ra3+ 1-0

[Event "Dublin-ch Final Weekender 100th"]
[Site "Dublin"]
[Date "2021.08.21"]
[Round "2"]
[White "Rrasa, Elvan"]
[Black "O'Neill, Sam"]
[Result "0-1"]
[WhiteElo "1665"]
[BlackElo "1889"]
[PlyCount "62"]
[EventDate "2021.08.20"]
[EventType "swiss"]
[EventRounds "5"]
[EventCountry "IRL"]
[SourceTitle "CBM 204 Extra"]
[Source "ChessBase"]
[SourceDate "2021.11.30"]
[SourceVersion "1"]
[SourceVersionDate "2021.11.30"]
[SourceQuality "1"]

1. d4 Nf6 2. Nf3 d5 3. Bf4 c5 4. e3 Nc6 5. c3 Qb6 6. Qb3 c4 7. Qxb6 axb6 8. Na3 Bf5 9. Nb5 Ra5 10. a4 e6 11. Bc7 Bc2 12. Bxb6 Rxa4 13. Rxa4 Bxa4 14. Na3 Bd6 15. Nd2 Nd7 16. Ndxc4 Bxa3 17. Nxa3 Nxb6 18. Kd2 Na5 19. Bd3 Nbc4+ 20. Nxc4 Nxc4+ 21. Bxc4 dxc4 22. Ra1 b5 23. b3 cxb3 24. c4 0-0 25. cxb5 Bxb5 26. Kc3 Rb8 27. g3 Bc6 28. Rb1 Bd5 29. Kd3 f5 30. Rb2 Rc8 31. Kd2 Ra8 0-1

[Event "Brescia Province-ch"]
[Site "Ghedi"]
[Date "2015.01.24"]
[Round "1"]
[White "Rrasa, Elvan"]
[Black "Peloni, Davide"]
[Result "1-0"]
[WhiteElo "1718"]
[BlackElo "1416"]
[PlyCount "86"]
[EventDate "2015.01.24"]
[EventType "swiss"]
[EventRounds "6"]
[EventCountry "ITA"]
[SourceTitle "EXT 2017"]
[Source "ChessBase"]
[SourceDate "2016.10.25"]
[SourceVersion "1"]
[SourceVersionDate "2016.10.25"]
[SourceQuality "1"]

1. d4 d5 2. Bf4 Nc6 3. e3 a6 4. c4 Nf6 5. Nc3 e6 6. a3 Be7 7. c5 0-0 8. Bd3 Nd7 9. b4 e5 10. dxe5 Ndxe5 11. Bxe5 Nxe5 12. Nxd5 Kh8 13. Be4 f5 14. Bf3 Bf6 15. Nxf6 Qxf6 16. Ra2 Be6 17. Rd2 Nc4 18. Rd4 Rad8 19. Ne2 b5 20. 0-0 Nxa3 21. Qc1 Nc4 22. Rfd1 Ne5 23. Bb7 Bc4 24. Rxd8 Rxd8 25. Rxd8+ Qxd8 26. Nd4 Nd3 27. Qd2 Qf6 28. g3 f4 29. gxf4 Qg6+ 30. Bg2 Bd5 31. f3 h5 32. f5 Qg5 33. Qxd3 h4 34. h3 Qg3 35. Qe2 Bc4 36. Qf2 Qg5 37. Ne6 Qxf5 38. Qxh4+ Kg8 39. Qd8+ Kh7 40. Nf8+ Kh8 41. e4 Qf7 42. Ne6+ Qg8 43. Qxg8+ Kxg8 1-0

[Event "Ghedi Autunn op 1st"]
[Site "Ghedi"]
[Date "2014.11.16"]
[Round "6"]
[White "Poletti, Fausto"]
[Black "Rrasa, Elvan"]
[Result "1/2-1/2"]
[WhiteElo "1912"]
[BlackElo "1698"]
[PlyCount "46"]
[EventDate "2014.11.08"]
[EventType "swiss"]
[EventRounds "6"]
[EventCountry "ITA"]
[SourceTitle "EXT 2017"]
[Source "ChessBase"]
[SourceDate "2016.10.25"]
[SourceVersion "1"]
[SourceVersionDate "2016.10.25"]
[SourceQuality "1"]

1. e4 b6 2. d4 Bb7 3. Bd3 e6 4. Be3 d6 5. Ne2 Nd7 6. Nd2 a6 7. 0-0 Ngf6 8. f3 Rc8 9. c3 c5 10. Rc1 Be7 11. Ng3 0-0 12. Qe2 Kh8 13. Rfd1 Rg8 14. a3 b5 15. b4 c4 16. Bc2 g5 17. Ra1 Qf8 18. a4 Ra8 19. a5 h5 20. Rf1 h4 21. Nh1 e5 22. Nf2 Qh6 23. h3 Ne8 1/2-1/2

[Event "Ghedi Autunn op 1st"]
[Site "Ghedi"]
[Date "2014.11.09"]
[Round "2"]
[White "Fuccio, Sergio"]
[Black "Rrasa, Elvan"]
[Result "1-0"]
[WhiteElo "1882"]
[BlackElo "1698"]
[PlyCount "65"]
[EventDate "2014.11.08"]
[EventType "swiss"]
[EventRounds "6"]
[EventCountry "ITA"]
[SourceTitle "EXT 2017"]
[Source "ChessBase"]
[SourceDate "2016.10.25"]
[SourceVersion "1"]
[SourceVersionDate "2016.10.25"]
[SourceQuality "1"]

1. Nf3 f5 2. b3 Nf6 3. Bb2 e6 4. e3 d5 5. c4 c6 6. Nc3 Bd6 7. Be2 Nbd7 8. cxd5 exd5 9. Rc1 Ne5 10. Nxe5 Bxe5 11. Bh5+ Nxh5 12. Qxh5+ g6 13. Qe2 0-0 14. 0-0 f4 15. exf4 Bxf4 16. Qd3 Qg5 17. g3 Bh3 18. Rfd1 Bc7 19. Na4 Rf5 20. Nc5 Qe7 21. Re1 Qf7 22. Qd4 Re5 23. Rxe5 Qf3 24. Re8+ Kf7 25. Qg7+ Kxe8 26. Re1+ Be5 27. Rxe5+ Kd8 28. Qe7+ Kc8 29. Qxb7+ Kd8 30. Qxa8+ Kc7 31. Qb7+ Kd6 32. Qb8+ Kxc5 33. d4# 1-0